000 01405cam a22003977a 4500
001 000091910
003 CHAP
005 20220329142828.0
008 040601d2004 mx a r 00110 spa d
010 _a88377
011 _a89349
035 _a99900
040 _cCHAP
090 _aTesis
100 0 0 _aRodríguez Elizalde, Aurelio Antonio.
_998459
245 1 0 _aEstado del conocimiento de Taxodium macronatum tenore /
_c/por Aurelio Antonio Rodríguez Elizalde.
260 _aChapingo, Méx. :
_bEl autor,
_c2004.
300 _a183 h. :
_bilus.
502 _aTesis (Ing. Forestal Esp. en Silvicultura) -- UACH. División de Ciencias Forestales
590 _aALEPH
_b10
_c20130110
_lUCH01
_h1458
590 _aBATCH-UPD
_b10
_c20130110
_lUCH01
_h0832
590 _aBATCH-UPD
_b10
_c20130410
_lUCH01
_h0510
590 _aBATCH-UPD
_b10
_c20130914
_lUCH01
_h2042
590 _aBATCH-UPD
_b10
_c20140324
_lUCH01
_h1444
590 _aBATCH-UPD
_b10
_c20141002
_lUCH01
_h0822
590 _aCONVERSION
_b10
_c20130109
_lUCH01
_h1349
590 _aE5765TAJ
_b10
_c20130625
_lUCH01
_h1336
650 1 4 _aTaxodium.
_9111771
856 _3Finding aid
_uhttp://10.13.5.2/tesis/99900.pdf
_zTeclea aquí
901 _aBK
905 _aMayto Villalobos S.
942 _cCD
942 _n0
949 _aTesis
_bBC
_cTES
_d33724000926374
_eTS2
_fc.2
_h41421
_i99900
_si
949 _aTesis
_bBC
_cTES
_d99900123
_eTS1
_h41420
_i99900
_sb
999 _c88377
_d88377